| 000 | 00771nam a2200265Ia 4500 | ||
|---|---|---|---|
| 003 | OSt | ||
| 005 | 20220925214308.0 | ||
| 006 | a|||||r|||| 00| 0 | ||
| 007 | ta | ||
| 008 | 220923b |||||||| |||| 00| 0 eng d | ||
| 020 | _a0715615319 | ||
| 037 | _cGeneral Book | ||
| 040 |
_aRTL _cRTL _beng |
||
| 041 |
_2eng _aeng |
||
| 082 | _aX.59M.D, M2 | ||
| 100 |
_aHodges Richard _9110961 |
||
| 245 | 0 |
_aDark age economics _b The origins of towns and tradeA D 600-1000 |
|
| 260 |
_aLondon _bDucksworth _c1982 |
||
| 300 |
_ax,230p. _ccm. |
||
| 490 | _aNew Approaches in Archaeology | ||
| 500 | _aBibliography: P 211-23 | ||
| 650 | _aEconomic Condition Russia | ||
| 942 |
_hX.59M.D, M2 _cGB _2CC |
||
| 999 |
_c565027 _d565027 |
||